000 00666nam a2200181Ia 4500
008 151018s9999 xx 000 0 und d
082 _bRBASDV19846
_a891.463
100 _aकुमुदिनी रांगणेकर
245 _aलाजवट लक्षाधीश
250 _b1
260 _bगुलमोहर प्रकाशन सातारा
_c1987
300 _a183
600 _aकुमुदिनी रांगणेकर
630 _aलाजवट लक्षाधीश
700 _aकुमुदिनी रांगणेकर
730 _aलाजवट लक्षाधीश
942 _cBOOK
999 _c1020474
_d1020471